000 01206cam a2200301 i 4500
003 SA-RiAUC
005 20250417073516.0
008 250416s2006 ua g b 00010 ara c
020 _a9772086131
040 _aSA-RiAUC
_bara
_cSA-RiAUC
_erda
050 4 _bK43 2006
082 0 4 _a245
_qSA-RiAUC
090 _a245
_b خ ر و
100 1 _aالخروصي، سالم بن هلال
_eمؤلف.
245 1 2 _aالفكر السياسي عند الأباضية والزيدية /
_cد. سالم بن هلال الخروصي.
250 _aالطبعة الأولى.
264 1 _aالقاهرة :
_bمكتبة مدبولي :
_bعربية للطباعة والنشر،
_c2006
300 _a266 صفحة ؛
_c24 × 17 سم
336 _aنص
_btxt
_2rdacontent
_3كتاب
337 _aبدون وسيط
_bn
_2rdamedia
338 _aمجلد
_bnc
_2rdacarrier
504 _aيشتمل على إرجاعات ببليوجرافية.
650 7 _aالأباضية (فرقة إسلامية)
_2aucsh
650 7 _aالزيدية (فرقة إسلامية)
_2aucsh
650 7 _aالإسلام
_xجوانب سياسية
_2aucsh
942 _2ddc
_cBOOK
_n0
949 _aSA-JeALM
_d250416
_umohamedma123
_n1
999 _c7123
_d7123